000 00322nam a2200133Ia 4500
100 _aKumbhojkar / G.V
650 _aEngineering Mathematics
942 _cBK
245 _aAdvanced Engineering mathematics- Electronics
260 _bC.Jamnadas and Co.
_c2008
082 _a519/KUM
_bKUM
546 _aENGLISH
999 _c34537
_d34537